000 00916cai a22001935a 4500
001 L158941
008 151021u2015 xxk g 000 0 eng d
035 _a(Sirsi) u158941
041 0 _aeng
110 2 _aThe Planning Inspectorate
_95723
245 0 0 _aNational Infrastructure Planning
_bProjects
520 _aGives details of projects where the developer has advised the Planning Inspectorate in writing that they intend to submit an application, where an application has already been made to the Planning Inspectorate and is undergoing the development consent process and where a proposal has been decided.
590 _aKA
651 4 _aEngland and Wales
_y1543-
690 _aInfrastructure
_96246
690 _aPlanning and development
_96259
856 4 0 _uhttps://infrastructure.planninginspectorate.gov.uk/projects/
_zView the website free of charge at infrastructure.planningportal.gov.uk
942 _n0
999 _c121041
_d121041